Customer expectations and perceptions towards health services through servqual model - an evaluation of medical diagnosis services in Bangladesh (Record no. 72673)

000 -LEADER
fixed length control field 00611pab a2200181 454500
008 - FIXED-LENGTH DATA ELEMENTS--GENERAL INFORMATION
fixed length control field 180718b2006 xxu||||| |||| 00| 0 eng d
100 ## - MAIN ENTRY--PERSONAL NAME
Personal name Ishtiaque, Abu Naser Ahmed
245 ## - TITLE STATEMENT
Title Customer expectations and perceptions towards health services through servqual model - an evaluation of medical diagnosis services in Bangladesh
260 ## - PUBLICATION, DISTRIBUTION, ETC.
Date of publication, distribution, etc. 2006
300 ## - PHYSICAL DESCRIPTION
Extent p.58-73.
362 ## - DATES OF PUBLICATION AND/OR SEQUENTIAL DESIGNATION
Dates of publication and/or sequential designation Apr-Oct
650 ## - SUBJECT ADDED ENTRY--TOPICAL TERM
Topical term or geographic name entry element Health services - Bangladesh
650 ## - SUBJECT ADDED ENTRY--TOPICAL TERM
Topical term or geographic name entry element Health services
700 ## - ADDED ENTRY--PERSONAL NAME
Personal name Ghosh, Suntu Kumar
700 ## - ADDED ENTRY--PERSONAL NAME
Personal name Akter, Md. Shahriar
773 ## - HOST ITEM ENTRY
Main entry heading Prestige Journal of Management and Research
909 ## -
-- 72673
Holdings
Withdrawn status Lost status Damaged status Not for loan Permanent Location Current Location Date acquired Serial Enumeration / chronology Barcode Date last seen Price effective from Koha item type
        Indian Institute of Public Administration Indian Institute of Public Administration 2018-07-19 Volume no: 10, Issue no: 1-2 AR73133 2018-07-19 2018-07-19 Articles

Powered by Koha